000 00497nam a2200121Ia 4500
008 220216s9999 xx 000 0 und d
100 _aChaudhary S
245 0 _aOverview of the fast emerging markets for rubber goods in developing countries
260 _bThe Outlook for Rubber: Shortage, Sufficiency or Over-Supply ?: Proceedings of the International Rubber Forum 37th Assembly, Phuket, Thailand 15-19 April 1996; p18-28
650 _aRubber consumption
650 _aRubber goods
942 _cJS
999 _c64533
_d64533